000 01006cam a2200289 a 4500
001 000011900
005 20200929162617.0
008 910809s1991 nyua 001 0 spa d
020 _a0070020698
035 _a(DLC) 91032511
040 _aDO-SdBNP
_bspa
_cBNPHU
_dDLC
041 1 7 _aspaeng
082 _a468.2421
_bV273d
100 1 _aVanPatten, Bill.
_928141
245 1 0 _aDestinos :
_ban introduction to spanish /
_cBill VanPatten, Martha Alford Marks, Richard V. Teschner.
260 _aNew York :
_bMcGraw-Hill,
_cc1991.
300 _axx, 558 p. :
_bil. ;
_c25 cm.
500 _aIncluye índice y vocabulario español-ingles.
650 4 _aEspañol
_xLibros de texto para extranjeros
_xInglés
_918613
650 4 _aEspañol
_xLibros de texto para extranjeros
_928142
650 4 _aEspañol
_xEnseñanza
_xEstudiantes extranjeros
_xInglés
_928143
700 1 _aMarks, Martha.
_928144
700 1 _aTeschner, Richard V.
_928145
910 _aCatalogación derivada
910 _aWM
049 _aBNGR
999 _c11570
_d11570